Normale Ansicht MARC-Ansicht ISBD

Anglijskaja naberežnaja ; 4 (Titelsatznr. 34525)

[ MARC ]
MARC-Details
000 -Satzkennung
Kontrollfeld mit fester Länge 00469nas a22001691c 4500
001 - Kontrollnummer
Kontrollfeld zs0119
008 - Feld mit fester Länge zur physischen Beschreibung - Allgemeine Angaben
Kontrollfeld mit fester Länge 170623m2000 gw |||| 000u rus d
041 ## - Sprachcode
Sprachcode des Textes/der Tonspur oder des separaten Titels rus
040 ## - Katalogisierungsquelle
Übertragungsstelle RU-10907106
003 - Kontrollnummer Identifier
Kontrollfeld RU-10907106
245 00 - Titel
Titel Anglijskaja naberežnaja ; 4
264 ## - Produktion, Veröffentlichung, Distribution, Herstellung und Urheberrechtsvermerk
Herstellungs-, Veröffentlichungs- Vertriebs-, Erzeugungsort Sankt-Peterburg :
Produzent, Herausgeber, Distributor, Hersteller Liki Rossii,
Datum der Herstellung, der Veröffentlichung, des Vertriebs oder des Urheberschutzvermerks [2017]
362 0# - Erscheinungsdaten und/oder Bandbezeichnung
Datumsangaben der Veröffentlichung und/oder Bandbezeichnung 2000-
710 2# - Nebeneintragung - Körperschaftsname
Körperschafts- oder Gebietskörperschaftsname als Eintragungselement Sankt-Peterburgskoe naučnoe obščestvo istorikov i archivistov
910 00 - USER-OPTION DATA (OCLC)
User-option data 2000; 2001; 2004 (4); 2007 (5)
942 ## - Zusätzliche Felder (Koha)
Koha-Medientyp Monographien
Exemplare
Ausgeschieden Verloren Klassifikation oder Aufstellungssystematik Beschädigt Nicht entleihbar Heimatbibliothek Aufenthaltsbibliothek Aufstellungsort Erwerbungsdatum Heft/Jahrgang Inventarnummer Signatur Barcode Letzte Aktivität Preis gültig von Koha-Medientyp
    Andere/Generische Klassifikation     MWN Osteuropa MWN Osteuropa Magazin - 2 23/06/2017 2007 17-03503 R 10 b AN 4 (2007) E00401509E336BA4 23/02/2021 22/03/2021 Monographien
    Andere/Generische Klassifikation     MWN Osteuropa MWN Osteuropa Magazin - 2 08/02/2022 2004 17-03502 R 10 b AN 4 (2004) E00401509E33680E 08/02/2022 08/02/2022 Monographien
    Andere/Generische Klassifikation     MWN Osteuropa MWN Osteuropa Magazin - 2 08/02/2022 2001 18-00391 R 10 b AN 4 (2001) E004015078FB7924 08/02/2022 08/02/2022 Monographien
    Andere/Generische Klassifikation     MWN Osteuropa MWN Osteuropa Magazin - 2 08/02/2022 2000 17-03501 R 10 b AN 4 (2000) E00401509E337074 08/02/2022 08/02/2022 Monographien